Технологическая оценка минерального сырья. Методы исследования: справочник

Մատենագիտական մանրամասներ
Այլ հեղինակներ: Остапенко П. Е. (редактор)
Լեզու:ռուսերեն
Հրապարակվել է: Москва, Недра, 1990
Խորագրեր:
Ձևաչափ: Գիրք
KOHA link:https://koha.lib.tpu.ru/cgi-bin/koha/opac-detail.pl?biblionumber=142120

MARC

LEADER 00000nam0a2200000 4500
001 142120
005 20231031142640.0
010 |a 5247009258 
035 |a (RuTPU)RU\TPU\book\154026 
090 |a 142120 
100 |a 20080902d1990 km y0rusy50 ca 
101 0 |a rus 
102 |a RU 
105 |a a g 001zy 
200 1 |a Технологическая оценка минерального сырья. Методы исследования  |e справочник  |f под ред. П. Е. Остапенко 
210 |a Москва  |c Недра  |d 1990 
215 |a 264 с.  |c ил. 
320 |a Библиогр.: с. 261-262. 
610 1 |a минеральное сырье 
610 1 |a справочники 
610 1 |a физические свойства 
610 1 |a грохочение 
610 1 |a классификация 
610 1 |a дробление 
610 1 |a измельчение 
610 1 |a технологические свойства 
610 1 |a гидрометаллургия 
610 1 |a пирометаллургия 
610 1 |a обезвоживание 
610 1 |a обработка 
610 1 |a промышленные воды 
675 |a 622.7.017(08)  |v 3 
702 1 |a Остапенко  |b П. Е.  |4 340 
801 1 |a RU  |b 63413507  |c 20080902  |g PSBO 
801 2 |a RU  |b 63413507  |c 20091023  |g PSBO 
900 |a Основы технологии разработки месторождений полезных ископаемых 
942 |c BK